Countries With the Highest ADHD Rates - Statistics

General Stats
  • This quiz has been taken 29 times
  • The average score is 6 of 20
Answer Stats
ADHD Rate (% of Population) Country % Correct
3.42% Australia
88%
4.59% Haiti
36%
3.95% Dominica
32%
4.2% Dominican Republic
32%
3.64% Saint Kitts and Nevis
32%
3.72% Antigua and Barbuda
28%
4.01% Bahamas
28%
4.58% Belize
28%
3.24% Cuba
28%
4% Grenada
28%
4.05% Jamaica
28%
3.59% Saint Lucia
28%
3.86% Saint Vincent and the Grenadines
28%
3.58% Trinidad and Tobago
28%
3.28% Barbados
24%
4.27% Guyana
24%
4% Suriname
24%
3.26% Venezuela
20%
3.35% Algeria
16%
3.48% Iran
16%
No matching quizzes found
Score Distribution
Percent of People with Each Score
Percentile by Number Answered
Your Score History
You have not taken this quiz